Normal view
MARC view
Entry Personal Name
001 - CONTROL NUMBER
- control field: 1034
003 - CONTROL NUMBER IDENTIFIER
- control field: ARRUPE
005 - DATE AND TIME OF LATEST TRANSACTION
- control field: 20130924162143.0
008 - FIXED-LENGTH DATA ELEMENTS
- fixed length control field: 130924|| aca||aabn | a|a d
040 ## - CATALOGING SOURCE
- Original cataloging agency: ARRUPE
- Transcribing agency: ARRUPE
100 ## - HEADING--PERSONAL NAME
- Personal name: Mary,
- Titles and other words associated with a name: Blessed Virgin, Saint
- General subdivision: Apparitions and miracles
- Geographic subdivision: Bosnia and Hercegovina
- Geographic subdivision: Međugorje.
670 ## - SOURCE DATA FOUND
- Source citation: Work cat.: (ARRUPE)0: Roberts, Kenneth J., 1930- 1033, Up on the mountain /, c1992.